000 00633nam a2200241Ia 4500
003 OSt
005 20220918180126.0
006 a|||||r|||| 00| 0
007 ta
008 220917b |||||||| |||| 00| 0 eng d
024 _a20,735
037 _cTextual
040 _aARTS
_cARTS
_beng
041 _2eng
_aeng
082 _aO111,3M09x, K5
100 _aPoe Edgar Allan
245 0 _aComplete tales and poems
260 _aNew York
_bModern Library USA
_c1955
300 _a1025p.
_ccm.
650 _aENGLISH LITERATURE
942 _hO111,3M09x, K5
_cTEXL
_2CC
999 _c160383
_d160383